000 00348nam a22001457a 4500
020 _a81-85842-65-5
041 _aENG
100 _aAgarwal .G.R
245 _aText Book Biochemistry
260 _aIndia
_bKrishna Prakashan Media
_c2000
300 _a711
650 _aAgricultural
700 _aAgarwal.K , Agrwal O .P
856 _uAgricultural
999 _c439
_d439